Sports Quiz

Random Sports or Baseball Quiz
Score 0/6 Timer 00:45
0 Plays Today
Years Team % Correct
1998-1999New York Yankees
92.6%
1981-1987San Francisco Giants
90.7%
1988-1990California Angels
83.3%
1993-1996California Angels
83.3%
1991-1992Minnesota Twins
72.2%
1997Kansas City Royals
48.1%
Remove Ads.
Support Sporcle.
Get the best of Sporcle when you Go Orange. This ad-free experience offers more features, more stats, and more fun while also helping to support Sporcle. Thank you for becoming a member.

You're not logged in!

Compare scores with friends on all Sporcle quizzes.
OR
Log In

Show Comments

Extras

Top Quizzes Today


Score Distribution

Your Account Isn't Verified!

In order to create a playlist on Sporcle, you need to verify the email address you used during registration. Go to your Sporcle Settings to finish the process.

Report this User

Report this user for behavior that violates our Community Guidelines.

Details: